|
|
|
|
| LEADER |
00000csb a2200000 a 4500 |
| 003 |
Ucuenca |
| 005 |
20230308202846.0 |
| 008 |
008040| ||||||||r|||||||||||spa|| |
| 040 |
|
|
|b spa
|
| 041 |
0 |
|
|a es
|
| 082 |
0 |
|
|a 910.5
|b U48c
|
| 100 |
1 |
|
|9 227153
|a Salinas, Gladys
|
| 245 |
|
|
|a Ecoturismo en el área de bosque y vegetación protegida Aguarongo
|c Gladys Salinas y Marcela Solis
|h imp
|
| 264 |
|
|
|a Cuenca
|b Univesidad de Cuenca
|c 2008
|
| 300 |
|
|
|a páginas: 15-17
|b ilu
|c 29,5 cm
|
| 362 |
|
|
|a no. 2 (2008)
|
| 504 |
|
|
|a incl. ref.
|
| 650 |
|
0 |
|a Turismo
|9 87
|
| 650 |
|
0 |
|a Aguarongo
|9 128120
|
| 650 |
|
0 |
|a Ecoturismo
|9 1121
|
| 650 |
|
0 |
|a Revista de Turismo
|9 222780
|
| 653 |
|
|
|a .
|
| 700 |
1 |
|
|a Solis, Marcela
|9 227154
|
| 773 |
0 |
|
|0 154893
|9 150237
|a Universidad de Cuenca
|d Cuenca Univesidad de Cuenca 2008
|o 125404
|t Cuatro sentidos
|
| 852 |
|
|
|a UC-CDJBV
|f Donación
|l 1
|m General
|p 20080404
|b 0
|d CDRC
|e CDRC
|g 910.5 U48c TERCER PISO
|z 2008-80-40
|
| 856 |
|
|
|u http://dspace.ucuenca.edu.ec/handle/123456789/30063
|
| 942 |
|
|
|c SERA
|2 ddc
|
| 999 |
|
|
|c 104153
|d 104153
|